<?xml version="1.0" encoding="UTF-8"?>
<record
    xmlns:xsi="http://www.w3.org/2001/XMLSchema-instance"
    xsi:schemaLocation="http://www.loc.gov/MARC21/slim http://www.loc.gov/standards/marcxml/schema/MARC21slim.xsd"
    xmlns="http://www.loc.gov/MARC21/slim">

  <leader>02831cam a2200337 a 4500</leader>
  <datafield tag="952" ind1=" " ind2=" ">
    <subfield code="0">0</subfield>
    <subfield code="1">0</subfield>
    <subfield code="2">ddc</subfield>
    <subfield code="4">0</subfield>
    <subfield code="7">0</subfield>
    <subfield code="8">SOCIAL SCIENCE</subfield>
    <subfield code="a">MES</subfield>
    <subfield code="b">MES</subfield>
    <subfield code="c">SOCIAL SCIENCE</subfield>
    <subfield code="d">2019-02-20</subfield>
    <subfield code="g">695.00</subfield>
    <subfield code="l">1</subfield>
    <subfield code="o">304.20954 KAP/E</subfield>
    <subfield code="p">35759</subfield>
    <subfield code="r">2025-12-05 15:45:45</subfield>
    <subfield code="s">2025-12-04</subfield>
    <subfield code="w">2019-02-20</subfield>
    <subfield code="y">BK</subfield>
    <subfield code="z">GL50R4</subfield>
  </datafield>
  <datafield tag="999" ind1=" " ind2=" ">
    <subfield code="c">21505</subfield>
    <subfield code="d">21505</subfield>
  </datafield>
  <controlfield tag="001">17507141</controlfield>
  <controlfield tag="003">OSt</controlfield>
  <controlfield tag="005">20200615132121.0</controlfield>
  <controlfield tag="008">121024s2011    ii a     b    000 0 eng d</controlfield>
  <datafield tag="010" ind1=" " ind2=" ">
    <subfield code="a">  2012419807</subfield>
  </datafield>
  <datafield tag="016" ind1="7" ind2=" ">
    <subfield code="a">015705715</subfield>
    <subfield code="2">Uk</subfield>
  </datafield>
  <datafield tag="020" ind1=" " ind2=" ">
    <subfield code="a">9780198070009 (hbk.)</subfield>
  </datafield>
  <datafield tag="020" ind1=" " ind2=" ">
    <subfield code="a">0198070004 (hbk.)</subfield>
  </datafield>
  <datafield tag="035" ind1=" " ind2=" ">
    <subfield code="a">(OCoLC)ocn693810847</subfield>
  </datafield>
  <datafield tag="040" ind1=" " ind2=" ">
    <subfield code="a">BTCTA</subfield>
    <subfield code="b">eng</subfield>
    <subfield code="c">oclc</subfield>
    <subfield code="d">DKAGE</subfield>
    <subfield code="d">YDXCP</subfield>
    <subfield code="d">UAT</subfield>
    <subfield code="d">CDX</subfield>
    <subfield code="d">AMH</subfield>
    <subfield code="d">MIX</subfield>
    <subfield code="d">UKMGB</subfield>
    <subfield code="d">DLC</subfield>
  </datafield>
  <datafield tag="042" ind1=" " ind2=" ">
    <subfield code="a">lccopycat</subfield>
  </datafield>
  <datafield tag="043" ind1=" " ind2=" ">
    <subfield code="a">a-ii---</subfield>
  </datafield>
  <datafield tag="050" ind1="0" ind2="0">
    <subfield code="a">GF661</subfield>
    <subfield code="b">.E687 2011</subfield>
  </datafield>
  <datafield tag="082" ind1="0" ind2="4">
    <subfield code="a">304.20954</subfield>
    <subfield code="2">22</subfield>
    <subfield code="b">KAP/E</subfield>
  </datafield>
  <datafield tag="100" ind1=" " ind2=" ">
    <subfield code="9">2907</subfield>
    <subfield code="a">Kapur, Nandini Sinha</subfield>
  </datafield>
  <datafield tag="245" ind1="0" ind2="0">
    <subfield code="a">Environmental history of early India :</subfield>
    <subfield code="b">a reader /</subfield>
    <subfield code="c"> Nandini Sinha Kapur.</subfield>
  </datafield>
  <datafield tag="260" ind1=" " ind2=" ">
    <subfield code="a">New Delhi ;</subfield>
    <subfield code="a">New York :</subfield>
    <subfield code="b">Oxford University Press,</subfield>
    <subfield code="c">2011.</subfield>
  </datafield>
  <datafield tag="300" ind1=" " ind2=" ">
    <subfield code="a"> 282 p. :</subfield>
    <subfield code="b">ill. ;</subfield>
    <subfield code="c">23 cm.</subfield>
  </datafield>
  <datafield tag="504" ind1=" " ind2=" ">
    <subfield code="a">Includes bibliographical references (p. [267]-279).</subfield>
  </datafield>
  <datafield tag="505" ind1="0" ind2="0">
    <subfield code="g">I.</subfield>
    <subfield code="t">Forests, deforestation, state, legitimation, and settlement pattern --</subfield>
    <subfield code="t">Of tribes, hunters and barbarians : forest dwellers in the Mauryan Period /</subfield>
    <subfield code="r">Aloka Parasher-Sen --</subfield>
    <subfield code="t">Wilderness and kingship in ancient south Asia /</subfield>
    <subfield code="r">Nancy E. Falk --</subfield>
    <subfield code="t">The study of settlement patterns in the C&#x14D;&#x1E37;a Period : some perspectives /</subfield>
    <subfield code="r">R. Champakalakshmi --</subfield>
    <subfield code="t">An aspect of rural landscape in the Rashtrakuta Kingdom /</subfield>
    <subfield code="r">Shyam Narayan Lal --</subfield>
    <subfield code="g">II.</subfield>
    <subfield code="t">Water resources, irrigation, and landscapes --</subfield>
    <subfield code="t">Natural resources and human settlements : perceiving the environment in India /</subfield>
    <subfield code="r">Ranabir Chakravarti --</subfield>
    <subfield code="t">Patronage and irrigation in Tamil Nadu : a long-term view /</subfield>
    <subfield code="r">David Ludden --</subfield>
    <subfield code="t">Pastoralism as reflected in the classical Tamil theory of landscapes /</subfield>
    <subfield code="r">Kamil V. Zvelebil --</subfield>
    <subfield code="g">III.</subfield>
    <subfield code="t">Cult traditions, topography, and perceptions --</subfield>
    <subfield code="t">Landscapes in conflict : flocks, hero-stones, and cult in early medieval Maharashtra /</subfield>
    <subfield code="r">Ajay Dandekar --</subfield>
    <subfield code="t">In which part of south Asia did the early Brahmanical tradition (1st millennium BC) take its form? /</subfield>
    <subfield code="r">Kumkum Roy --</subfield>
    <subfield code="t">Perceiving the forest : early India /</subfield>
    <subfield code="r">Romila Thapar --</subfield>
    <subfield code="t">Tirthas and acculturation : an anthropological study /</subfield>
    <subfield code="r">Vijay Nath --</subfield>
    <subfield code="g">IV.</subfield>
    <subfield code="t">Agricultural expansion, pastoralism, and ecology --</subfield>
    <subfield code="t">Early south Indian society and economy : the Tinai concept /</subfield>
    <subfield code="r">K. Sivathamby --</subfield>
    <subfield code="t">Agrarian expansion /</subfield>
    <subfield code="r">R.S. Sharma --</subfield>
    <subfield code="t">Geographical setting and agrarian economy /</subfield>
    <subfield code="r">V.K. Jain --</subfield>
    <subfield code="t">Ethnohistory of pastoralism : a study of Kuruvas and Gollas /</subfield>
    <subfield code="r">M.L.K. Murty --</subfield>
    <subfield code="t">Settlements and economy /</subfield>
    <subfield code="r">Nayanjot Lahiri --</subfield>
    <subfield code="g">V.</subfield>
    <subfield code="t">Botany in early India --</subfield>
    <subfield code="t">Life, forests, and plant sciences in ancient India /</subfield>
    <subfield code="r">Anil Rawat.</subfield>
  </datafield>
  <datafield tag="651" ind1=" " ind2="0">
    <subfield code="a">India</subfield>
    <subfield code="x">Environmental conditions.</subfield>
  </datafield>
  <datafield tag="700" ind1="1" ind2=" ">
    <subfield code="a">Kapur, Nandini Sinha.</subfield>
  </datafield>
  <datafield tag="906" ind1=" " ind2=" ">
    <subfield code="a">7</subfield>
    <subfield code="b">cbc</subfield>
    <subfield code="c">copycat</subfield>
    <subfield code="d">2</subfield>
    <subfield code="e">ncip</subfield>
    <subfield code="f">20</subfield>
    <subfield code="g">y-gencatlg</subfield>
  </datafield>
  <datafield tag="942" ind1=" " ind2=" ">
    <subfield code="2">ddc</subfield>
    <subfield code="c">BK</subfield>
    <subfield code="h">304.20954</subfield>
    <subfield code="i">KAP/E</subfield>
    <subfield code="k">304.20954</subfield>
    <subfield code="m">KAP/E</subfield>
  </datafield>
</record>
